Szövegközpontúság helyett-

Bibliographic Details
Main Author: Huba, Márk 1976- (Author)
Other Authors: Brunovský, Daniel, 1959- (Illustrator)
Format: Article
Language:Hungarian
Slovak
PhysicalDescription:Obr.
ISSN:1335-6321
Subjects:

MARC

LEADER 00000nab a2200000 a 4500
001 vtls000860396
003 SK-MaSNL
005 20260318124205.0
008 160314c2003 xo 0 hun
015 |a SNBRB2004/01-02377 
035 |a CLN000212007 
040 |a SNKBUCL  |b slo  |c SNKBUCL  |e AACR2 
041 0 |a slo 
044 |a xo  |c SK 
080 |a 82.0  |2 UDC-MRF-SK2 
080 |a 82.033  |2 UDC-MRF-SK2 
100 1 |a Huba, Márk  |d 1976-  |4 aut  |9 845101 
245 1 0 |a Szövegközpontúság helyett-  |c Huba Márk ; illusztrálta Daniel Brunovský 
300 |b Obr. 
504 |a Bibliogr. odkazy 
650 0 7 |a text umelecký  |x interpretácia  |2 snkbucl  |9 287590 
650 0 7 |a interpretácia umeleckého textu  |2 snkbucl  |9 19225 
700 1 |a Brunovský, Daniel,  |d 1959-  |4 ill  |9 120160 
773 0 |x 1335-6321  |t Szőrös kő  |g Roč. 8, č. 5 (2003), s. 46-55 
850 |a Slovenská národná knižnica v Martine 
852 |a SNK  |b KIS3GCP 
958 |a HU 
958 |a NB 
958 |a LX 
958 |a RBX 
999 |c 2536023  |d 2537953